Pfarrkirchen und öffentliches Notariat im Spätmittelalter

Titel: Pfarrkirchen und öffentliches Notariat im Spätmittelalter
Verfasser:
In: Pfarrkirchen in den Städten des Hanseraums, (2006), Seite 193-203
alle Artikel anzeigen
Veröffentlicht: 2006
Format: Aufsatz
Sprache: Deutsch
Kein Bild verfügbar
X
alg: 39218590
001A    $01999:11-11-16 
001B    $01999:12-03-21 $t19:06:16.000 
001D    $01999:11-11-16 
001U    $0utf8 
001X    $00 
002@    $0Aox 
003@    $0392185903 
007A    $0392185903 $aHEB 
007T    $0Herdc0027804m 
010@    $ager 
011@    $a2006 
021A    $aPfarrkirchen und öffentliches Notariat im Spätmittelalter 
028A    $7172883296 $8Kersken, Norbert$Z1955- [Tp3] $9297067265 
031A    $h193-203 $j2006 
037A    $aeng. Res. 203; dt. Res. 203 
039B    $aIn $8--Aau--. Pfarrkirchen in den Städten des Hanseraums. - Rahden/Westf. : Leidorf, 2006. - 339 S.. - Ill., graph. Darst., Kt.. - ISBN 978-3-89646-461-3 $x200600000000000807 $9183481925 
045F    $a900.9438160902 $eDDC23BSB 
045F/01 $a900 
045F/03 $f0902 
045F/03 $g43816 

lok: 39218590 78

exp: 39218590 78 1 #EPN
201B/01 $019-04-17 $t11:04:39.000 
201U/01 $0utf8 
203@/01 $0788282093 
208@/01 $a11-11-16 $be 
209A/01 $a/ $f000 $x00 
220C/01 $aTitelaufnehmer: nk;kh 
220C/01 $aHerkunft: HI Marburg 
244Z/01 $2Trx $#Pomeranija $#Pommern $#Pomoransko $#Pomořansko $#Hinterpommern;Vorpommern;Mittelpommern $#Pomorze Środkowe;Pomorze Przednie $#Pomořansko;Západní Pomořany; Pomořany $8--Trx--Pomorze Zachodnie $x01 $9391303775 
244Z/01 $aGeschichte 1250-1500 $x02 
244Z/01 $2Trx $#ürikud keskaeg $#viduramžių dokumentai $#Documents Middle Ages $#oklevelek középkor $#dokumenty średniowieczne $#dokumenty stredoveké $#listiny středověké $8--Trx--Urkunden$gMittelalter $x03 $9391371266 
244Z/01 $2Trx $#vaimulikkond, rooma-katoliku $#Romos katalikų dvasininkai $#clergy, Roman-Catholic $#papság, római-katolikus $#duchowieństwo rzymskokatolickie $#duchovenstvo rímsko-katolícke $#duchovenstvo římsko-katolické $#Klerus $#Priester $#Pfarrer $#kler $#księża katoliccy $#klérus $#kňazi $#farári $#klérus $#kněží $#faráři $8--Trx--Geistliche, römisch-katholische $x04 $9391373757 
244Z/01 $2Trx $#notarid $#notarai $#notaries $#közjegyzök $#notariusze $#notári $#notáři $8--Trx--Notare $x05 $9391380648 
244Z/01 $2Trx $8--Trx--Einzelbeiträge $x06 $9391384570 
245Z/01 $a03.02 $x01 
247C/01 $82080>Marburg/Lahn, Herder-Institut, Forschungsbibliothek, Bibliographieportal $9336309341
LEADER 00000caa a22000002c 4500
001 392185903
003 DE-603
005 20210312190616.0
007 tu
008 161111s2006 xx |||| | u00||u|ger c
035 |a (DE-599)HEB392185903 
040 |a DE-603  |b ger  |c DE-603  |d DE-603 
041 |a ger 
082 0 4 |8 1\u  |a 900.9438160902  |q DE-101  |2 23/BSB 
085 |8 1\u  |b 900 
085 |8 1\u  |z 1  |s 0902 
085 |8 1\u  |z 2  |s 43816 
100 1 |a Kersken, Norbert  |d 1955-  |0 (DE-603)297067265  |0 (DE-588)172883296  |2 gnd 
245 0 0 |a Pfarrkirchen und öffentliches Notariat im Spätmittelalter 
264 0 |c 2006 
500 |a eng. Res. 203; dt. Res. 203 
773 0 8 |i In  |t Pfarrkirchen in den Städten des Hanseraums  |d Rahden/Westf. : Leidorf, 2006  |h 339 S., Ill., graph. Darst., Kt.  |z 9783896464613  |z 3896464612  |g (2006), Seite 193-203  |w (DE-603)183481925 
924 0 |9 2080  |a (DE-603)788282093  |b DE-2080  |c HES  |d d  |g /